000 01171cam a2200289 a 4500
001 2642
003 FISKH
005 20240108113611.0
008 000928s2001 nyu b 000 0deng
010 _a 00049872
020 _a0060195444
020 _a9780060855024
040 _aDLC
_cDLC
_dDLC
_beng
043 _aa-cc-sz
050 0 0 _aDS796.F855
_bH47 2001
082 0 0 _a915.1/38
_221
100 1 _aHessler, Peter,
_d1969-
245 1 0 _aRiver town :
_btwo years on the Yangtze /
_cPeter Hessler.
250 _aFirst Harper perennial edition published 2006
260 _aNew York :
_bHarperCollins Publishers,
_c2001
300 _a402 pages :
_bmaps ;
_c21 cm
520 _aRecords the author's experiences as a Peace Corps English teacher in the small Chinese city of Fuling, during which time he witnessed such events as the death of Deng Xiaoping, the return of Hong Kong to the mainland, and the construction of the Three Gorges Dam.
600 1 0 _aHessler, Peter,
_d1969-
_xTravel
_zChina
_zFuling (Sichuan Sheng)
651 0 _aFuling (Sichuan Sheng, China)
_xDescription and travel.
906 _a7
_bcbc
_corignew
_d1
_eocip
_f20
_gy-gencatlg
942 _2ddc
_cBK
_n0
999 _c2642
_d2642